| 000 | 01203nam a2200397 i 4500 | ||
|---|---|---|---|
| 001 | 22280 | ||
| 003 | KOSZ 005 | ||
| 005 | 20240410062908.0 | ||
| 008 | 990506s1982 pl |000 0 pol | ||
| 015 | _aPB 1983/8399 | ||
| 020 | _a8207007364 | ||
| 040 |
_aWA N _cWA N _dKOSZ 005/HR |
||
| 041 | 0 | _apol | |
| 046 | _k1982 | ||
| 080 | _a930.1(438)(091)"18/19" | ||
| 080 | _a94(438).07/.082 | ||
| 080 | _a316.356.4 | ||
| 080 | _a316.64(=162.1) | ||
| 100 | 1 |
_aKieniewicz, Stefan _d(1907-1992) _eAutor |
|
| 245 | 1 | 0 |
_aHistoryk a świadomość narodowa / _cStefan Kieniewicz. |
| 260 |
_aWarszawa : _b"Czytelnik", _c1982 [i.e.] 1983. |
||
| 300 |
_a357, [2] s., [1] k. portr. ; _c23 cm. |
||
| 380 | _aKsiążki | ||
| 388 | _a1901-2000 | ||
| 388 | _a1945-1989 | ||
| 648 | 4 | _a1801-1900 | |
| 648 | 4 | _a1901-2000 | |
| 650 | 4 | _aHistoriografia polska | |
| 650 | 4 | _aTożsamość narodowa | |
| 651 | 4 | _aPolska | |
| 658 | _aHistoria | ||
| 658 | _aSocjologia i społeczeństwo | ||
| 710 | 2 |
_aCzytelnik _4pbl. |
|
| 856 |
_uhttp://koha.tu.koszalin.pl/cgi-bin/koha/opac-detail.pl?biblionumber=22280 _yKatalog online BPK |
||
| 942 |
_2UKD _cKS |
||
| 999 |
_c22280 _d22280 |
||